[Event "ROM-ch"]
[Site "Eforie Nord"]
[Date "2009.02.07"]
[Round "8"]
[White "Enache, Danut Alexandru"]
[Black "Stanciu, Alexandru Ovidiu"]
[Result "0-1"]
[WhiteElo "2288"]
[BlackElo "2120"]
[PlyCount "133"]
[EventDate "2009.01.31"]
[EventType "swiss"]
[EventRounds "9"]
[EventCountry "ROU"]
[SourceTitle "CBM 130 Extra"]
[Source "ChessBase"]
[SourceDate "2009.07.02"]
[SourceVersion "2"]
[SourceVersionDate "2009.07.15"]
[SourceQuality "1"]

1. Nf3 Nf6 2. c4 c5 3. Nc3 Nc6 4. g3 g6 5. Bg2 Bg7 6. 0-0 0-0 7. d4 cxd4 8. Nxd4 Qb6 9. Nc2 d6 10. b3 Bd7 11. Bb2 Rac8 12. Ne3 a6 13. Qd2 Qa5 14. Rfd1 Qh5 15. Ncd5 Nxd5 16. Nxd5 Be6 17. Bxg7 Kxg7 18. Rac1 Rfd8 19. f4 Bxd5 20. cxd5 Nb8 21. e4 Qg4 22. Kf2 Qd7 23. Rc3 Kg8 24. Rdc1 a5 25. Bf1 b6 26. Qc2 Rc5 27. Rxc5 bxc5 28. Qc4 Qb7 29. h4 Nd7 30. h5 Nf6 31. hxg6 hxg6 32. Re1 Qb4 33. Qxb4 axb4 34. Bb5 Ra8 35. Re2 Kf8 36. Kf3 Rd8 37. g4 Nd7 38. a4 bxa3 39. Ra2 Rb8 40. Ba4 Rb4 41. Rxa3 Nf6 42. Bc6 Nxe4 43. Ra8+ Kg7 44. Re8 Nd2+ 45. Ke3 Nf1+ 46. Kf3 Rxb3+ 47. Kf2 Nh2 48. Bd7 Rb2+ 49. Ke3 Nf1+ 50. Kd3 Rd2+ 51. Kc3 Re2 52. g5 Re3+ 53. Kc2 Ng3 54. Kd2 Re2+ 55. Kd3 Re1 56. Kd2 Re4 57. Kd3 Rd4+ 58. Kc2 Nf5 59. Bxf5 gxf5 60. Rxe7 Rxf4 61. Rd7 Rd4 62. Kc3 Kg6 63. Rd8 f6 64. Rg8+ Kf7 65. Rd8 fxg5 66. Rxd6 Kg7 67. Rd8 0-1

[Event "Bucharest Romgaz op 2nd"]
[Site "Bucharest"]
[Date "2008.09.17"]
[Round "7"]
[White "Nasolea, Alexandru"]
[Black "Enache, Danut Alexandru"]
[Result "0-1"]
[WhiteElo "1987"]
[BlackElo "2239"]
[PlyCount "51"]
[EventDate "2008.09.11"]
[EventType "swiss"]
[EventRounds "9"]
[EventCountry "ROU"]
[SourceTitle "CBM 126 Extra"]
[Source "ChessBase"]
[SourceDate "2008.11.05"]
[SourceVersion "1"]
[SourceVersionDate "2008.11.05"]
[SourceQuality "1"]

1. d4 Nf6 2. Nf3 c5 3. e3 d5 4. b3 cxd4 5. exd4 Bg4 6. Be2 Nc6 7. 0-0 e6 8. Be3 Bd6 9. Nbd2 0-0 10. c4 Rc8 11. a3 b6 12. b4 dxc4 13. Bxc4 Ne7 14. Qb3 Ned5 15. Rac1 Bf4 16. Ne5 Nxe3 17. fxe3 Bxe5 18. dxe5 Nd7 19. h3 Bh5 20. g4 Bg6 21. Nf3 Be4 22. Nd4 Qh4 23. Kh2 Nxe5 24. Bxe6 Rxc1 25. Bxf7+ Rxf7 26. Nf5 0-1

[Event "Bucharest Romgaz op 2nd"]
[Site "Bucharest"]
[Date "2008.09.15"]
[Round "5"]
[White "Sergeev, Vladimir"]
[Black "Enache, Danut Alexandru"]
[Result "1-0"]
[WhiteElo "2508"]
[BlackElo "2239"]
[PlyCount "73"]
[EventDate "2008.09.11"]
[EventType "swiss"]
[EventRounds "9"]
[EventCountry "ROU"]
[SourceTitle "CBM 126 Extra"]
[Source "ChessBase"]
[SourceDate "2008.11.05"]
[SourceVersion "1"]
[SourceVersionDate "2008.11.05"]
[SourceQuality "1"]

1. Nf3 Nf6 2. d4 c5 3. c3 b6 4. Bf4 Bb7 5. e3 d6 6. h3 Nbd7 7. Be2 g6 8. 0-0 Bg7 9. a4 a6 10. Nbd2 0-0 11. Bh2 Rc8 12. Bd3 Ne8 13. Qe2 Nc7 14. Rfd1 Re8 15. Bg3 a5 16. Nc4 Ne6 17. Na3 Nf6 18. Nb5 Rf8 19. Bh2 cxd4 20. Nfxd4 Nc5 21. Bc2 Qd7 22. f3 Rfd8 23. e4 e5 24. Nb3 Qe6 25. Nxc5 dxc5 26. Rxd8+ Rxd8 27. Rd1 Rxd1+ 28. Qxd1 Ne8 29. Qd8 Bf6 30. Qb8 Qe7 31. Bb3 Kg7 32. Bd5 Bxd5 33. exd5 Qd7 34. c4 Qf5 35. Bg3 e4 36. Qxe8 exf3 37. Qe1 1-0

[Event "Bucharest Romgaz op 2nd"]
[Site "Bucharest"]
[Date "2008.09.12"]
[Round "2"]
[White "Enache, Danut Alexandru"]
[Black "Savchenko, Stanislav"]
[Result "1/2-1/2"]
[WhiteElo "2239"]
[BlackElo "2557"]
[PlyCount "41"]
[EventDate "2008.09.11"]
[EventType "swiss"]
[EventRounds "9"]
[EventCountry "ROU"]
[SourceTitle "CBM 126 Extra"]
[Source "ChessBase"]
[SourceDate "2008.11.05"]
[SourceVersion "1"]
[SourceVersionDate "2008.11.05"]
[SourceQuality "1"]

1. d4 d5 2. c4 c6 3. e3 Nf6 4. Nc3 a6 5. Nf3 b5 6. b3 Bg4 7. Be2 e6 8. 0-0 Be7 9. Bb2 0-0 10. h3 Bh5 11. Rc1 Ra7 12. Ne5 Bxe2 13. Nxe2 Nfd7 14. cxd5 cxd5 15. Qd2 Qb6 16. Rc2 Rc7 17. Rxc7 Qxc7 18. Rc1 Qb7 19. Qc2 Bd6 20. Nxd7 Qxd7 21. Nf4 1/2-1/2

[Event "Predeal op"]
[Site "Predeal"]
[Date "2006.08.14"]
[Round "4"]
[White "Enache, Danut Alexandru"]
[Black "Butunoi, Alexandru Victor"]
[Result "0-1"]
[WhiteElo "2182"]
[BlackElo "2404"]
[PlyCount "74"]
[EventDate "2006.08.12"]
[EventType "swiss"]
[EventRounds "9"]
[EventCountry "ROU"]
[SourceTitle "CBM 113 Extra"]
[Source "ChessBase"]
[SourceDate "2006.09.14"]
[SourceVersion "1"]
[SourceVersionDate "2006.09.14"]
[SourceQuality "1"]

1. d4 g6 2. c4 Bg7 3. Nc3 d6 4. e4 Nc6 5. Nf3 Bg4 6. Be3 e5 7. d5 Nd4 8. Be2 Bxf3 9. Bxf3 c5 10. dxc6 bxc6 11. Bxd4 exd4 12. Ne2 Qb6 13. 0-0 Ne7 14. Qc2 Rb8 15. Rab1 0-0 16. Nc1 a5 17. Nd3 c5 18. a3 Qb3 19. Bd1 Qb7 20. Nf4 Qa6 21. Nd3 Rfc8 22. f4 f5 23. Bf3 Kh8 24. Rbe1 Qb6 25. e5 dxe5 26. Nxe5 Rc7 27. Nf7+ Kg8 28. Ng5 Qxb2 29. Bd5+ Nxd5 30. Re8+ Bf8 31. Qxb2 Rxb2 32. Ne6 Kf7 33. Re1 Kxe8 34. Nxc7+ Kd7 35. Nxd5 Bd6 36. g3 Kc6 37. Re6 d3 0-1

[Event "ROM-ch sf U16"]
[Site "Eforie Nord"]
[Date "2001.??.??"]
[Round "3"]
[White "Florescu, Petru"]
[Black "Enache, Danut Alexandru"]
[Result "1-0"]
[WhiteElo "2197"]
[BlackElo "1650"]
[PlyCount "80"]
[EventDate "2001.01.28"]
[EventType "swiss"]
[EventRounds "8"]
[EventCountry "ROU"]
[SourceTitle "EXT 2004"]
[Source "ChessBase"]
[SourceDate "2003.11.25"]
[SourceVersion "1"]
[SourceVersionDate "2003.11.25"]
[SourceQuality "1"]

1. e4 c5 2. Nf3 d6 3. d4 cxd4 4. Qxd4 a6 5. c4 Nf6 6. Nc3 Nbd7 7. Be2 e5 8. Qd1 Nc5 9. Qc2 Bg4 10. 0-0 Be7 11. Be3 Qc7 12. Rac1 0-0 13. Rfd1 Qc6 14. Nd5 Rfe8 15. Nxe5 dxe5 16. Nxf6+ gxf6 17. Bxg4 Qxe4 18. Qe2 Qg6 19. Qf3 e4 20. Qh3 Bf8 21. Bf5 Qg7 22. Rc3 Rad8 23. Bd4 Nd3 24. Bxf6 Nf4 25. Bxh7+ Qxh7 26. Qg4+ Qg6 27. Qxg6+ fxg6 28. Rxd8 Rxd8 29. Bxd8 Ne2+ 30. Kf1 Nxc3 31. bxc3 Bg7 32. Ke2 Bxc3 33. Ke3 Be1 34. Bh4 Kf7 35. Kxe4 Ke6 36. Bg3 Bd2 37. f4 a5 38. Bf2 Kd6 39. g4 Bc3 40. Bd4 Bd2 1-0